000 00961nam a2200277 i 4500
003 DO-SdBNP
005 20230518135915.0
007 ta
008 230512b1926 dr ||||| |||| 00| 0 spa d
040 _aDO-SdBNP
_bspa
_cBNPHU
_erda
082 4 _a579.5
_bG643h
_222
100 1 _a González Fragoso, R.
_q(Romualdo)
_d1862-1928.
_979724
245 1 0 _aHongos, parásitos y saprofitos de la República Dominicana (2a. serie) /
_cRomualdo González Fragoso, Rafael Ciferri
264 _aSanto Domingo :
_bEstación Agronómica de Haina,
_c1926.
300 _a14 páginas :
_c23 cm
336 _2rdacontent
_atexto
_btxt
337 _2rdamedia
_asin mediación
_bn
338 _2rdacarrier
_avolumen
_bnc
490 _aBotánica
_v2
590 _aInventariado, 2023/BT
650 4 _937142
_aHongos
650 4 _aPlantas parasitas
_982284
700 1 _aCiferri, Rafael,
_d1897-1964
_982276
910 _aBtavárez/Validado. Control de calidad MFF
942 _2ddc
_cLF2
999 _c53498
_d53498